The call to write

Saved in:
Bibliographic Details
Main Author: Trimbur, John
Format: Book
Language:English
Published: Houghton Miflin. 2008.
Tags: Add Tag
No Tags, Be the first to tag this record!

MARC

LEADER 00000nam a22000007a 4500
008 211101b ||||| |||| 00| 0 eng d
020 |a 9780547050164 
100 |a Trimbur, John 
245 |a The call to write  |c /John Trimbur  |g xlii, 596 pages : illustrations 
250 |b 4th edition 
260 |b Houghton Miflin.  |c 2008.  |d Book  |h Boston.  |i PE1408.T731.  |l 667913 
500 |a Includes index. 
942 |a lcc  |c BK  |e Olagoke,M.A.  |f 01/11/2021 
952 |0 0  |1 0  |2 lcc  |4 0  |7 0  |9 3778  |a HOL  |b HOL  |c LP  |d 2021-11-01  |o PE1408.T731  |p 2021-67510  |r 2021-11-01 00:00:00  |t 667913  |w 2021-11-01  |y BK 
999 |c 1885  |d 1885